10 Europäische Länder, 10 Fakten #2 - Statistiken

Allgemein
  • Dieses Quiz wurde 102 mal gespielt
  • Das Durchschnittsergebnis liegt bei 6 aus 10
Antwortstatistiken
Hint Antwort % Korrekt
Ich bin das größte Land der Welt. Ich bin... Russland🇷🇺
95%
Ich bin das Land, zu dem die größte Insel der Welt gehört. Ich bin... Dänemark🇩🇰
92%
Ich bin das kleinste Land der Welt. Ich bin... die Vatikanstadt🇻🇦
91%
Ich bin neben Usbekistan der einzig weitere doppelte Binnenstaat. Ich bin... Liechtenstein🇱🇮
70%
Ich bin das Land, das zuletzt der Europäischen Union beitrat. Ich bin... Kroatien🇭🇷
69%
Ich bin das Land, das zuerst den ESC gewann. Ich bin... die Schweiz🇨🇭
64%
Ich bin ein Binnenstaat, obwohl ich an ein Meer grenze. Ich bin...
Aserbaidschan🇦🇿
57%
Ich bin das Land, das das höchste BIP in Europa hat. Ich bin... Deutschland🇩🇪
43%
Ich bin das Land, das durchschnittlich am meisten Alkohol in Europa konsumiert. Ich bin... Moldau🇲🇩
24%
Ich bin das Land, dessen Flagge als die schönste der Welt gilt. Ich bin... Serbien🇷🇸
21%
Keine übereinstimmenden Quizze gefunden
Verteilung der Resultate
Anzahl Personen mit jedem Resultat
Perzentil nach korrekt beantworteten Fragen
Ihre Resultats-Entwicklung
Sie haben dieses Quiz noch nicht gespielt